000 00845nam a22002417a 4500
005 2010081207097.0
010 _aENG-100102
020 _a9380543034
_c75.00
020 _a9789380543031
_c75.00
035 _aEN-83634
037 _bDBAD/PUB
082 _a621.3692
100 _aMenaka, S. Mani
_913018
245 _aOptics :
_blaser and fiber /
_cby S. Mani Menaka
260 _aCoimbatore
_bIRIS Publications
_c2010
270 _a23 AKG Nagar 3rd Street Uppilipalayam Post
_bCoimbatore
_e641015
300 _a122p.
_c21cm (pbk)
500 _aIncluded bibliographical reference
650 _aFiber Optics
_913019
650 _aLasers
_913020
942 _2ddc
_cEN
_h621.3692
_mMEN
999 _c41450
_d41450